000 00539nam a2200181Ia 4500
003 OSt
005 20230511110603.0
008 210423s1992 xx 000 0 und d
040 _cAL
041 _aeng
082 _a954
_223
_bARNS
100 _aARNOLD (David);HARDIMAN (David),Ed.
_9102584
245 _aSubaltern studies VIII: essays in honour of ranajit guha
260 _aDelhi
_bOxford University Press
_c1992
365 _b165
_cINR
906 _aessays ; guha ; honour ; ranajit ; studies ; Subaltern ; VIII:
942 _2ddc
_cBK
999 _c171914
_d171914